[Event "2.BLO 1617 Nickelhütte Aue - SK König"]
[Site "?"]
[Date "2016.11.19"]
[Round "3.8"]
[White "Jurasek, Miroslav"]
[Black "Hoerr, Matthias"]
[Result "0-1"]
[WhiteElo "2305"]
[BlackElo "2183"]
[PlyCount "102"]
[EventDate "2016.??.??"]

1. c4 Nf6 2. g3 g6 3. Bg2 Bg7 4. Nc3 O-O 5. e4 d6 6. Nge2 c5 7. O-O Nc6 8. d3
a6 9. Be3 Rb8 10. a4 Bd7 11. h3 Ne8 12. Rb1 Nc7 13. Nd5 b5 14. axb5 axb5 15. b3
Ne6 16. Kh2 Ned4 17. Nxd4 Nxd4 18. Bg5 Re8 19. Qd2 b4 20. f4 h6 21. Bh4 Bc6 22.
g4 Ra8 23. f5 Bxd5 24. exd5 g5 25. Bg3 Bf6 26. Bf2 Be5+ 27. Bg3 Bf6 28. Bf2 Ra3
29. Bxd4 Bxd4 30. h4 f6 31. Qd1 Kg7 32. Re1 Qa5 33. Re4 Be5+ 34. Kh3 Ra2 35.
Re2 Ra8 36. Bf3 Qd8 37. Rc2 R8a3 38. Qd2 Rxc2 39. Qxc2 Qa8 40. Be2 Ra2 41. Qd1
Qa3 42. h5 Bc3 43. Kg3 Rd2 44. Qf1 Qa2 45. Kf3 Be5 46. Rd1 Rc2 47. Re1 Qb2 48.
Bd1 Rd2 49. Re4 Qb1 50. Be2 Qxb3 51. Qc1 Qa2 0-1

[Event "2.BLO 1617 SC Erlangen - Bad Mergenthei"]
[Site "?"]
[Date "2016.11.20"]
[Round "4.1"]
[White "Ikonnikov, Vyacheslav"]
[Black "Wenninger, Philipp"]
[Result "0-1"]
[WhiteElo "2545"]
[BlackElo "2342"]
[PlyCount "152"]
[EventDate "2016.??.??"]

1. d4 Nf6 2. Nf3 d5 3. c4 c6 4. Nc3 dxc4 5. a4 Bf5 6. e3 e6 7. Bxc4 Bb4 8. O-O
O-O 9. Ne2 Nbd7 10. Ng3 Bg6 11. Nh4 c5 12. Nxg6 hxg6 13. Qb3 Qe7 14. a5 Rab8
15. Be2 Rfc8 16. Rd1 b6 17. a6 Rd8 18. Bd2 Bxd2 19. Rxd2 cxd4 20. Rxd4 Nc5 21.
Qc2 e5 22. Rc4 Ne6 23. Qc3 Qd6 24. Rd1 Nd5 25. Qc1 b5 26. Rc6 Qe7 27. Ne4 Nb4
28. Rxd8+ Rxd8 29. Rc8 Nxa6 30. Bxb5 Nac7 31. Rxd8+ Qxd8 32. Bc4 Qe7 33. Qc3 f5
34. Nd2 Qd6 35. h4 e4 36. Kf1 Kh7 37. Ke2 Nd5 38. Qa3 Qxa3 39. bxa3 Nc3+ 40.
Ke1 Nc5 41. Nb3 N5a4 42. Nd4 Nb2 43. Be6 Nd3+ 44. Kf1 Kh6 45. f3 exf3 46. Nxf3
Nb1 47. g4 fxg4 48. Bxg4 Nxa3 49. Ke2 Nc5 50. Ne5 Nb5 51. Nf7+ Kh7 52. Ng5+ Kg8
53. e4 a5 54. Kd2 a4 55. Be2 Nb3+ 56. Ke3 Nd6 57. e5 Nf5+ 58. Kf4 Nd2 59. Nf3
Nxf3 60. Bxf3 Nxh4 61. Bd5+ Kf8 62. Kg5 Nf5 63. Ba2 Ne7 64. Kf4 Ke8 65. Ke4 Nc6
66. Bc4 a3 67. Bb3 Nb4 68. Kf4 a2 69. Bxa2 Nxa2 70. Kg5 Nb4 71. Kxg6 Kf8 72. e6
Nd5 73. Kf5 Nf6 74. Kg6 Ne8 75. Kg5 Ke7 76. Kf5 Kd6 0-1

[Event "2.BLO 1617 SC Erlangen - Bad Mergenthei"]
[Site "?"]
[Date "2016.11.20"]
[Round "4.2"]
[White "Hilverda, Alexander"]
[Black "Karpatchev, Aleksandr"]
[Result "1-0"]
[WhiteElo "2399"]
[BlackElo "2491"]
[PlyCount "85"]
[EventDate "2016.??.??"]

1. d4 d5 2. c4 e6 3. Nf3 dxc4 4. e3 b5 5. a4 b4 6. Bxc4 Nf6 7. Nbd2 Be7 8. O-O
O-O 9. b3 Nbd7 10. Bb2 a5 11. Qe2 c5 12. Bb5 Bb7 13. Rfd1 cxd4 14. Nxd4 Rc8 15.
Nc4 Bd5 16. f3 Qc7 17. Rac1 Nc5 18. e4 Ba8 19. Qc2 Rfd8 20. Kh1 h6 21. Ba1 Qa7
22. Qb2 Bf8 23. Ne5 Qb6 24. Bf1 Qb8 25. Nc4 Qc7 26. e5 Nd5 27. Nb5 Qb8 28. Nxa5
Ne3 29. Rxd8 Rxd8 30. Nc4 Nxf1 31. Rxf1 Rd3 32. Qc2 Rxb3 33. Ncd6 Qb6 34. Bd4
Rc3 35. Nxc3 bxc3 36. Rb1 Qc6 37. Qxc3 Nxa4 38. Qxc6 Bxc6 39. Rc1 Bd5 40. Rc8
g5 41. Ne4 Kg7 42. Nf6 Bb3 43. g4 1-0

[Event "2.BLO 1617 SC Erlangen - Bad Mergenthei"]
[Site "?"]
[Date "2016.11.20"]
[Round "4.3"]
[White "Gasthofer, Alexander"]
[Black "Klek, Hanna Marie"]
[Result "0-1"]
[WhiteElo "2441"]
[BlackElo "2326"]
[PlyCount "132"]
[EventDate "2016.??.??"]

1. Nf3 d5 2. d4 Nf6 3. e3 e6 4. Bd3 c5 5. c3 Bd6 6. Nbd2 O-O 7. dxc5 Bxc5 8.
O-O Nc6 9. e4 Qc7 10. Qc2 h6 11. h3 b6 12. exd5 Nxd5 13. Nb3 Be7 14. Qe2 Bb7
15. Re1 Rfd8 16. Bc2 Rac8 17. Bb1 Rd7 18. Qe4 Nf6 19. Qe2 Rcd8 20. Bc2 Qc8 21.
Bf4 Ba6 22. Qe3 Nb4 23. Qc1 Nxc2 24. Qxc2 Nd5 25. Qc1 Bf6 26. Be5 Bxe5 27. Nxe5
Rc7 28. Qb1 f6 29. Ng4 e5 30. Qg6 Kh8 31. Ne3 Nf4 32. Qg4 Rcd7 33. a4 h5 34.
Qf3 Bb7 35. Qg3 Rd3 36. f3 Qe6 37. Ra3 Ba6 38. Kh2 Bc4 39. Nd4 Qf7 40. Nxc4
Qxc4 41. Nf5 Qf7 42. Ne3 Rd2 43. Raa1 Rxb2 44. Red1 Rdd2 45. Rxd2 Rxd2 46. c4
Qd7 47. a5 bxa5 48. Rxa5 Re2 49. Ra3 a5 50. Nd5 Rxg2+ 51. Qxg2 Nxg2 52. Kxg2 a4
53. Kf2 Qc6 54. Ne3 Qd6 55. Ra2 Qb4 56. Rc2 Qc5 57. Ke2 a3 58. Rc3 a2 59. Nc2
Qa5 60. Kd3 a1=Q 61. Nxa1 Qxa1 62. c5 Qa6+ 63. Kc2 Qc6 64. Kb3 Kg8 65. Kc4 Kf7
66. Rb3 Ke7 0-1

[Event "2.BLO 1617 SC Erlangen - Bad Mergenthei"]
[Site "?"]
[Date "2016.11.20"]
[Round "4.4"]
[White "Miller, Eduard"]
[Black "Ivanov, Mikail"]
[Result "0-1"]
[WhiteElo "2306"]
[BlackElo "2405"]
[PlyCount "80"]
[EventDate "2016.??.??"]

1. e4 e5 2. Nf3 Nc6 3. Bb5 a6 4. Bxc6 dxc6 5. Nc3 f6 6. d4 exd4 7. Qxd4 Qxd4 8.
Nxd4 Bd6 9. Be3 Ne7 10. O-O-O Bd7 11. Nde2 Ng6 12. Na4 Ke7 13. Nc5 Bc8 14. Nd3
Re8 15. h4 Kf7 16. h5 Ne5 17. Nxe5+ fxe5 18. c4 b5 19. c5 Bf8 20. Kc2 a5 21.
Nc1 h6 22. Nd3 b4 23. b3 Ke6 24. Rh3 Be7 25. Rg3 Bf6 26. f4 exf4 27. Bxf4 Kf7
28. e5 Bh4 29. Re3 Bf5 30. Kc1 Ke6 31. Bg3 Bg5 32. Nf4+ Ke7 33. Kb2 Rad8 34.
Ree1 Bg4 35. Rxd8 Rxd8 36. Rc1 Bf5 37. Rc4 Rd2+ 38. Kc1 Rxg2 39. Be1 Rg4 40.
Bd2 Rg1+ 0-1

[Event "2.BLO 1617 SC Erlangen - Bad Mergenthei"]
[Site "?"]
[Date "2016.11.20"]
[Round "4.5"]
[White "Panzalovic, Srdjan"]
[Black "Merkert, Maximilian"]
[Result "1-0"]
[WhiteElo "2433"]
[BlackElo "2229"]
[PlyCount "55"]
[EventDate "2016.??.??"]

1. Nf3 Nc6 2. e4 d6 3. d4 Nf6 4. Nc3 g6 5. h3 Bg7 6. Be3 O-O 7. Qd2 e5 8. d5
Ne7 9. O-O-O Bd7 10. g4 b5 11. g5 b4 12. gxf6 bxc3 13. Qxc3 Bxf6 14. h4 h5 15.
Ng5 Bg7 16. Rg1 f6 17. Ne6 Bxe6 18. dxe6 Kh7 19. Qd2 Qc8 20. Bh3 Qb7 21. Bf5
Qa6 22. Rxg6 Nxg6 23. Bxg6+ Kg8 24. e7 Rfe8 25. Qd5+ Kh8 26. Bxe8 Rxe8 27. Qf7
Qb5 28. Rg1 1-0

[Event "2.BLO 1617 SC Erlangen - Bad Mergenthei"]
[Site "?"]
[Date "2016.11.20"]
[Round "4.6"]
[White "Liepold, Stefan"]
[Black "Raps, Johannes"]
[Result "0-1"]
[WhiteElo "2182"]
[BlackElo "2182"]
[PlyCount "88"]
[EventDate "2016.??.??"]

1. e4 d6 2. d4 g6 3. Nc3 Bg7 4. Be3 Nf6 5. Qd2 Ng4 6. Bg5 h6 7. Bh4 Nd7 8. Be2
Ngf6 9. f4 c5 10. d5 Qb6 11. Nf3 O-O 12. O-O Re8 13. a4 a6 14. Kh1 Qb4 15. Qd3
Nh5 16. Bg3 Nxg3+ 17. hxg3 Qxb2 18. e5 dxe5 19. Rfb1 e4 20. Nxe4 Qxa1 21. Rxa1
Bxa1 22. c3 f5 23. Ned2 b5 24. Nh4 Nf8 25. g4 e6 26. d6 b4 27. gxf5 exf5 28.
cxb4 cxb4 29. Nc4 Bf6 30. Nf3 Be6 31. Nfe5 Rab8 32. Nc6 Rbc8 33. Bf3 Kg7 34.
N4e5 Bd7 35. Nxd7 Nxd7 36. Nxb4 Rc1+ 37. Kh2 Ree1 38. g3 Rb1 39. Nc2 Rec1 40.
Ne3 Rb2+ 41. Ng2 Nc5 42. Qd5 Ne4 43. Qa8 Nf2 44. Qa7+ Kh8 0-1

[Event "2.BLO 1617 SC Erlangen - Bad Mergenthei"]
[Site "?"]
[Date "2016.11.20"]
[Round "4.8"]
[White "Boettger, Lukas"]
[Black "Gross, Willi"]
[Result "1-0"]
[WhiteElo "2244"]
[BlackElo "2138"]
[PlyCount "129"]
[EventDate "2016.??.??"]

1. d4 Nf6 2. c4 g6 3. Nc3 Bg7 4. e4 d6 5. f3 O-O 6. Be3 a6 7. Bd3 Nc6 8. Nge2
Bd7 9. O-O e5 10. d5 Ne7 11. c5 Ne8 12. Qd2 f5 13. exf5 Nxf5 14. Ne4 Nxe3 15.
Qxe3 Bf5 16. N2c3 Nf6 17. Rad1 Nxe4 18. Bxe4 Rf7 19. c6 b6 20. Ne2 Qh4 21. g3
Bh6 22. Qd3 Qh3 23. Kh1 Bg5 24. Ng1 Qh5 25. Kg2 Qh6 26. Rfe1 Kh8 27. Re2 Kg8
28. Rf1 Kh8 29. Rff2 Kg8 30. Kf1 Qh5 31. Ke1 Bh6 32. h4 Bxe4 33. Rxe4 Bf8 34.
Kd1 a5 35. a4 Qf5 36. Kc2 Be7 37. Ree2 Rb8 38. Re4 Bf8 39. Rf1 Bg7 40. Rfe1
Rff8 41. Rb1 b5 42. axb5 Rb6 43. Ra1 Ra8 44. Ne2 Qh3 45. Rea4 Rf8 46. Rxa5 Rbb8
47. Qe4 Qg2 48. R1a3 Qf2 49. Rc3 Qb6 50. b4 Qf2 51. Kb3 Rb6 52. Kc4 Bh6 53.
Rca3 Rfb8 54. Ra2 Qe1 55. Ra1 Qf2 56. h5 Bd2 57. Rb1 gxh5 58. Qd3 Bh6 59. Rh1
Rf8 60. f4 exf4 61. Rxh5 fxg3 62. Rxh6 Rf4+ 63. Nd4 Rxd4+ 64. Qxd4 Qf1+ 65. Kb3
1-0

[Event "2.BLO 1617 SC Forchheim - SK Göggingen"]
[Site "?"]
[Date "2016.11.20"]
[Round "4.1"]
[White "Rozentalis, Eduardas"]
[Black "Jirovsky, Milos"]
[Result "1/2-1/2"]
[WhiteElo "2573"]
[BlackElo "2437"]
[PlyCount "110"]
[EventDate "2016.??.??"]

1. e4 c5 2. Nf3 Nc6 3. Bb5 g6 4. O-O Bg7 5. Nc3 Nf6 6. e5 Ng4 7. Bxc6 dxc6 8.
Re1 O-O 9. d3 f6 10. e6 Nh6 11. d4 cxd4 12. Nxd4 f5 13. Bf4 Qxd4 14. Qxd4 Bxd4
15. Bxh6 Bg7 16. Bg5 Bf6 17. f4 Kg7 18. Rad1 h6 19. Bxf6+ Kxf6 20. Re3 Bxe6 21.
Rde1 Bf7 22. Rxe7 Rfe8 23. Rxe8 Rxe8 24. Rd1 g5 25. Kf2 Re7 26. g3 gxf4 27.
gxf4 Be6 28. b4 Rg7 29. Rd4 Rc7 30. Rd8 c5 31. b5 Rd7 32. Rxd7 Bxd7 33. a4 Ke6
34. a5 Kd6 35. Ke3 a6 36. bxa6 bxa6 37. Nb1 Kc6 38. c4 Be6 39. Kd3 Kd6 40. Nd2
Bf7 41. Nf3 Bh5 42. Ne5 Be8 43. Ke3 Ke6 44. Kf2 Kd6 45. Kf3 Ke6 46. Ke3 Kd6 47.
Nf3 Ke6 48. Nd2 Kd6 49. Nf1 Ke6 50. Kf2 Kd6 51. Ne3 Ke6 52. Kg3 Bf7 53. Nd5 Kd6
54. Nb6 Kc6 55. Kh4 Kd6 1/2-1/2

[Event "2.BLO 1617 SC Forchheim - SK Göggingen"]
[Site "?"]
[Date "2016.11.20"]
[Round "4.2"]
[White "Rupprecht, Andreas"]
[Black "Arnaudov, G. Petar"]
[Result "0-1"]
[WhiteElo "2422"]
[BlackElo "2471"]
[PlyCount "56"]
[EventDate "2016.??.??"]

1. e4 e5 2. Nf3 Nc6 3. d4 exd4 4. Nxd4 Bc5 5. Nxc6 bxc6 6. Bd3 d6 7. O-O Ne7 8.
Nc3 O-O 9. Na4 Bd4 10. c3 Bb6 11. Bg5 f6 12. Nxb6 axb6 13. Be3 Be6 14. a3 Qd7
15. Qd2 Ng6 16. Rfe1 f5 17. exf5 Bxf5 18. Bf1 Qf7 19. a4 Bc8 20. Qc2 Ba6 21. c4
c5 22. a5 Ne5 23. axb6 cxb6 24. b3 Bb7 25. Rxa8 Nf3+ 26. Kh1 Bxa8 27. Ra1 Qh5
28. h3 Qe5 0-1

[Event "2.BLO 1617 SC Forchheim - SK Göggingen"]
[Site "?"]
[Date "2016.11.20"]
[Round "4.3"]
[White "Nestorovic, Nikola"]
[Black "Ott, Florian"]
[Result "1-0"]
[WhiteElo "2513"]
[BlackElo "2321"]
[PlyCount "105"]
[EventDate "2016.??.??"]

1. e4 c5 2. Nf3 d6 3. d4 cxd4 4. Nxd4 Nf6 5. Nc3 a6 6. h3 e6 7. g4 Be7 8. g5
Nfd7 9. h4 b5 10. a3 Bb7 11. Be3 Nb6 12. f4 N8d7 13. f5 e5 14. f6 exd4 15. fxe7
Qxe7 16. Qxd4 O-O 17. O-O-O Na4 18. Nxa4 Qxe4 19. Qxe4 Bxe4 20. Rh2 bxa4 21.
Rxd6 Ne5 22. Bxa6 Nf3 23. Rh3 Ne1 24. Bd3 Nxd3+ 25. cxd3 Rac8+ 26. Kd2 Bf5 27.
Rf3 Be6 28. Bd4 Rfd8 29. Rxd8+ Rxd8 30. Rf4 Bb3 31. Re4 Bd5 32. Re7 Bb3 33. Ke3
Kf8 34. Bc5 Kg8 35. Bd4 Kf8 36. Ra7 Re8+ 37. Kf4 Rd8 38. Bc5+ Kg8 39. d4 h6 40.
Ke4 hxg5 41. hxg5 Bc2+ 42. Ke5 Bb3 43. Be7 Rd5+ 44. Ke4 Rb5 45. Bc5 Kh7 46. Ra6
Bd1 47. Rc6 Rxb2 48. d5 Rb3 49. Rc7 Bf3+ 50. Kd4 Rb1 51. d6 Rd1+ 52. Ke3 Bg4
53. Bd4 1-0

[Event "2.BLO 1617 SC Forchheim - SK Göggingen"]
[Site "?"]
[Date "2016.11.20"]
[Round "4.4"]
[White "Heidrich, Manfred"]
[Black "Pitl, Gregory"]
[Result "1/2-1/2"]
[WhiteElo "2362"]
[BlackElo "2397"]
[PlyCount "22"]
[EventDate "2016.??.??"]

1. e4 e5 2. Nf3 d6 3. d4 exd4 4. Qxd4 a6 5. Bg5 Nc6 6. Qd2 Be7 7. Nc3 Nf6 8.
Be2 O-O 9. O-O h6 10. Bf4 Re8 11. Rfe1 Bf8 1/2-1/2

[Event "2.BLO 1617 SC Forchheim - SK Göggingen"]
[Site "?"]
[Date "2016.11.20"]
[Round "4.5"]
[White "Stankovic, Milos"]
[Black "Doeres, Hans-Juergen"]
[Result "1/2-1/2"]
[WhiteElo "2376"]
[BlackElo "2207"]
[PlyCount "89"]
[EventDate "2016.??.??"]

1. e4 c5 2. Nf3 e6 3. b3 Nf6 4. e5 Nd5 5. c4 Nb4 6. a3 N4c6 7. Bb2 Be7 8. Nc3
f5 9. g3 a6 10. Bg2 Qc7 11. O-O O-O 12. Re1 Nd4 13. Nxd4 cxd4 14. Ne2 Qxe5 15.
Nxd4 Qc7 16. Nf3 Nc6 17. d4 Bf6 18. Qc2 Ne7 19. Rac1 d6 20. Qd2 h6 21. h4 Bd7
22. a4 Rad8 23. Ba3 Qb8 24. Qb4 Bc8 25. Qb6 Rfe8 26. Rcd1 g6 27. Bc1 Kg7 28.
Bf4 Nc6 29. d5 Ne5 30. dxe6 Bxe6 31. Nxe5 dxe5 32. Rxd8 Qxd8 33. Qxd8 Rxd8 34.
Bxe5 Bxe5 35. Rxe5 Rd1+ 36. Kh2 Kf6 37. Rc5 Rd2 38. Rc7 Rxf2 39. Kg1 Rb2 40.
Rxb7 a5 41. Bf3 g5 42. hxg5+ hxg5 43. Rb5 f4 44. gxf4 gxf4 45. Rxa5 1/2-1/2

[Event "2.BLO 1617 SC Forchheim - SK Göggingen"]
[Site "?"]
[Date "2016.11.20"]
[Round "4.6"]
[White "Schulz, Lukas"]
[Black "Schmittdiel, Eckhard"]
[Result "0-1"]
[WhiteElo "2141"]
[BlackElo "2449"]
[PlyCount "60"]
[EventDate "2016.??.??"]

1. e4 c5 2. Nf3 Nc6 3. Nc3 e5 4. Bc4 Be7 5. a4 d6 6. d3 Nf6 7. Nd5 O-O 8. c3
Nxd5 9. Bxd5 Kh8 10. Bd2 f5 11. Qc1 f4 12. b4 cxb4 13. cxb4 Bg4 14. b5 Bxf3 15.
bxc6 bxc6 16. gxf3 cxd5 17. exd5 Rc8 18. Qb2 Bf6 19. Bc3 Rc5 20. Rb1 Rxd5 21.
Ke2 Qc8 22. Qb3 Rc5 23. Bb4 Rc2+ 24. Bd2 Bh4 25. Rhc1 Qc5 26. d4 Qxd4 27. Rxc2
Qxf2+ 28. Kd3 Qxf3+ 29. Kc4 Qe4+ 30. Kb5 Qb7+ 0-1

[Event "2.BLO 1617 SC Forchheim - SK Göggingen"]
[Site "?"]
[Date "2016.11.20"]
[Round "4.7"]
[White "Kukov, Velislav"]
[Black "Bade, Joern"]
[Result "1/2-1/2"]
[WhiteElo "2366"]
[BlackElo "2276"]
[PlyCount "73"]
[EventDate "2016.??.??"]

1. Nf3 Nf6 2. d4 d5 3. c4 c6 4. cxd5 cxd5 5. Nc3 Nc6 6. Bf4 Bf5 7. e3 e6 8. Qb3
Qb6 9. Bb5 Nd7 10. Ne5 Ndxe5 11. Bxe5 Rc8 12. a4 f6 13. Bg3 Kf7 14. O-O Na5 15.
Qa2 a6 16. Bd7 Rd8 17. Nxd5 Qa7 18. e4 Rxd7 19. Nc7 Bg4 20. h3 Rxc7 21. Bxc7
Be2 22. Bxa5 Bxf1 23. Rxf1 Qxd4 24. Qb3 Qxe4 25. Rd1 Qc6 26. Qb6 Qxb6 27. Bxb6
Bb4 28. Rd7+ Kg6 29. Rxb7 Rc8 30. Ra7 Rc2 31. Rxa6 Rxb2 32. a5 Bc3 33. Ra8 e5
34. Rd8 Ra2 35. Rd5 Bd4 36. Bxd4 exd4 37. Rxd4 1/2-1/2

[Event "2.BLO 1617 SC Forchheim - SK Göggingen"]
[Site "?"]
[Date "2016.11.20"]
[Round "4.8"]
[White "Auburger, Philipp"]
[Black "Lipok, Christoph"]
[Result "1/2-1/2"]
[WhiteElo "1976"]
[BlackElo "2236"]
[PlyCount "55"]
[EventDate "2016.??.??"]

1. e4 e6 2. d4 d5 3. e5 c5 4. c3 Qb6 5. Nf3 Nc6 6. a3 c4 7. Nbd2 Na5 8. Be2 Bd7
9. Rb1 Qc7 10. h4 Ne7 11. Nf1 Nb3 12. Bf4 f5 13. h5 Ba4 14. N1d2 Nc6 15. Nxb3
Na5 16. Qd2 Nxb3 17. Qe3 O-O-O 18. g3 Be7 19. Kf1 Na5 20. Ng5 Bxg5 21. Bxg5
Rde8 22. h6 g6 23. Kg2 Qb6 24. Rhc1 Nb3 25. Rh1 Na5 26. Rhc1 Nb3 27. Rg1 Na5
28. Rgc1 1/2-1/2

[Event "2.BLO 1617 SK Passau - SC Garching"]
[Site "?"]
[Date "2016.11.20"]
[Round "4.1"]
[White "Stocek, Jiri"]
[Black "Velicka, Petr"]
[Result "1-0"]
[WhiteElo "2547"]
[BlackElo "2435"]
[PlyCount "139"]
[EventDate "2016.??.??"]

1. d4 d5 2. c4 c6 3. Nf3 Nf6 4. Nc3 a6 5. a4 e6 6. Bg5 Nbd7 7. e3 Qa5 8. Nd2
Bb4 9. Rc1 O-O 10. Bh4 e5 11. Be2 exd4 12. exd4 dxc4 13. Nxc4 Qd8 14. O-O Re8
15. d5 Bxc3 16. dxc6 Bb4 17. cxd7 Bxd7 18. Bxf6 gxf6 19. Bf3 Rb8 20. Qb3 Qe7
21. Nb6 Be6 22. Bd5 Rbd8 23. Qg3+ Kh8 24. Rc7 Qd6 25. Rxb7 Qxg3 26. hxg3 Rb8
27. Rxb8 Rxb8 28. Bxe6 Rxb6 29. Bxf7 Bd2 30. b3 a5 31. Ra1 Rd6 32. Ra2 Bb4 33.
Ra1 Kg7 34. Bc4 Rd2 35. Rc1 Bc5 36. Be2 Bd4 37. Rc4 Bb6 38. Rc6 Bd4 39. Rc4 Bb6
40. Rc6 Bd4 41. Rc7+ Kh6 42. Kf1 Rb2 43. Rd7 Bc5 44. f4 Rb1+ 45. Bd1 Rb2 46.
Bf3 Rb1+ 47. Bd1 f5 48. Rd5 Bb4 49. Ke2 Rb2+ 50. Kf3 Rd2 51. Rxd2 Bxd2 52. Bc2
Kg7 53. Bxf5 h6 54. Bc2 Kf6 55. Kg4 Be1 56. Kh3 Bd2 57. Kh4 Be1 58. Kg4 Bd2 59.
Kh5 Kg7 60. Bb1 Be1 61. g4 Bg3 62. g5 Bxf4 63. gxh6+ Bxh6 64. b4 axb4 65. a5 b3
66. g4 Be3 67. g5 Bd4 68. a6 Kf8 69. g6 Kg7 70. Kg5 1-0

[Event "2.BLO 1617 SK Passau - SC Garching"]
[Site "?"]
[Date "2016.11.20"]
[Round "4.2"]
[White "Suran, Jan"]
[Black "Bredl, Harald"]
[Result "1/2-1/2"]
[WhiteElo "2423"]
[BlackElo "2347"]
[PlyCount "64"]
[EventDate "2016.??.??"]

1. e4 e5 2. Nf3 Nc6 3. Bb5 g6 4. d4 exd4 5. Bg5 Be7 6. Bxe7 Qxe7 7. Bxc6 dxc6
8. Qxd4 Nf6 9. Nc3 Bg4 10. Nd2 c5 11. Qe3 O-O-O 12. f3 Be6 13. O-O-O Kb8 14.
Nb3 b6 15. Rxd8+ Rxd8 16. Rd1 Rxd1+ 17. Nxd1 h5 18. Nc3 Ne8 19. Nd2 Nd6 20. g3
f6 21. Qd3 f5 22. Qe3 fxe4 23. fxe4 h4 24. a3 Bc8 25. Nd5 Qe5 26. Nf3 Qxe4 27.
Qxe4 Nxe4 28. Nxh4 g5 29. Nf3 Bg4 30. Ne5 Be6 31. Ne3 Kc8 32. Kd1 Kd8 1/2-1/2

[Event "2.BLO 1617 SK Passau - SC Garching"]
[Site "?"]
[Date "2016.11.20"]
[Round "4.3"]
[White "Seifert, Volker"]
[Black "Schwabeneder, Florian"]
[Result "0-1"]
[WhiteElo "2359"]
[BlackElo "2326"]
[PlyCount "54"]
[EventDate "2016.??.??"]

1. d4 Nf6 2. c4 e6 3. Nc3 Bb4 4. Qc2 O-O 5. a3 Bxc3+ 6. Qxc3 b5 7. cxb5 c6 8.
Bg5 cxb5 9. e3 Bb7 10. Nf3 h6 11. Bh4 Nc6 12. Bd3 Rc8 13. Qd2 g5 14. Nxg5 hxg5
15. Bxg5 Ne4 16. Bxd8 Nxd2 17. Bf6 Nc4 18. h4 Nxb2 19. Bxb5 Na5 20. Rh3 Rc2 21.
Rg3+ Kh7 22. Rg7+ Kh6 23. g4 Bf3 24. Rg5 Rfc8 25. Ba6 Rc1+ 26. Rxc1 Rxc1+ 27.
Kd2 Nb3# 0-1

[Event "2.BLO 1617 SK Passau - SC Garching"]
[Site "?"]
[Date "2016.11.20"]
[Round "4.4"]
[White "Hiermann, Dietmar"]
[Black "Koepke, Christian"]
[Result "0-1"]
[WhiteElo "2276"]
[BlackElo "2305"]
[PlyCount "110"]
[EventDate "2016.??.??"]

1. e4 c5 2. Nf3 g6 3. d4 cxd4 4. Qxd4 Nf6 5. e5 Nc6 6. Qa4 Nd5 7. Qe4 Nb6 8.
Bf4 d5 9. exd6 Bf5 10. Qe2 Bg7 11. Nc3 O-O 12. O-O-O exd6 13. Rxd6 Qc8 14. Qb5
Nd7 15. Bd3 Be6 16. Nd5 Re8 17. Rxe6 Rxe6 18. Nc7 a6 19. Qg5 Re5 20. Nxe5 Ncxe5
21. Bxe5 Nxe5 22. Nxa8 Nxd3+ 23. Kb1 Nxb2 24. Nb6 Qe8 25. Qc5 Na4 26. Nxa4 Qxa4
27. Qc8+ Bf8 28. Qxb7 h5 29. Qb8 Qa3 30. Rd1 Kh7 31. Qb3 Qe7 32. a4 Bg7 33. Ka2
Qe2 34. Qd3 Qxf2 35. Rf1 Qb6 36. Qb3 Qd4 37. h3 f5 38. Rb1 Qe4 39. g3 Qg2 40.
Rd1 Qe2 41. Qd3 Qe6+ 42. c4 Qc6 43. Qc2 Be5 44. g4 hxg4 45. hxg4 fxg4 46. Rd5
Bf6 47. Kb3 g3 48. Qg2 Qb6+ 49. Ka2 Qf2+ 50. Rd2 Qe1 51. Qh3+ Kg7 52. Rd7+ Kf8
53. Qh6+ Ke8 54. Rd2 Qa1+ 55. Kb3 Qb1+ 0-1

[Event "2.BLO 1617 SK Passau - SC Garching"]
[Site "?"]
[Date "2016.11.20"]
[Round "4.5"]
[White "Levushkina, Elena"]
[Black "Testor, Sebastian"]
[Result "1/2-1/2"]
[WhiteElo "2340"]
[BlackElo "2340"]
[PlyCount "132"]
[EventDate "2016.??.??"]

1. e4 e6 2. d4 d5 3. Nd2 Be7 4. e5 c5 5. Qg4 g6 6. dxc5 Nd7 7. Ngf3 Qc7 8. Bb5
Qxc5 9. Bd3 Qc7 10. Qg3 f6 11. exf6 Qxg3 12. hxg3 Bxf6 13. Nb3 e5 14. Ng5 Nf8
15. Bb5+ Ke7 16. Bd2 Bxg5 17. Bxg5+ Kf7 18. O-O-O Ne6 19. Bd2 Nf6 20. f3 h5 21.
Rhe1 Nc7 22. Bd3 Re8 23. Bb4 e4 24. Bf1 Bf5 25. Bc3 Rac8 26. Nd4 Red8 27. Be2
Nce8 28. Rf1 Nd6 29. g4 exf3 30. gxf3 Bd7 31. Bd3 Nc4 32. Rde1 Re8 33. gxh5
Nxh5 34. Rxe8 Rxe8 35. Rh1 a6 36. Nb3 Bb5 37. Nd4 Bd7 38. Nb3 Bb5 39. Nc5 Nd6
40. Bxb5 Nxb5 41. Nxb7 Re3 42. Bd2 Rxf3 43. Nc5 Rf6 44. a4 Nd4 45. b4 Rc6 46.
Kb2 Nf5 47. Bg5 Nf6 48. Re1 Nd6 49. Rf1 Nf5 50. Rd1 d4 51. Nd3 Nd7 52. Rh1 Ke6
53. Rh8 Nd6 54. Rh7 Nc4+ 55. Kb3 Nde5 56. Nc5+ Kf5 57. Bc1 a5 58. Nd7 axb4 59.
Nxe5 Nxe5 60. Bd2 d3 61. cxd3 Nxd3 62. Rf7+ Ke5 63. Re7+ Kd5 64. Rd7+ Rd6 65.
Rxd6+ Kxd6 66. Kc2 Nc5 {(=)} 1/2-1/2

[Event "2.BLO 1617 SK Passau - SC Garching"]
[Site "?"]
[Date "2016.11.20"]
[Round "4.6"]
[White "Pflug, Matthias"]
[Black "Schmitz, Thorsten"]
[Result "1/2-1/2"]
[WhiteElo "2259"]
[BlackElo "2317"]
[PlyCount "77"]
[EventDate "2016.??.??"]

1. e4 d5 2. exd5 Nf6 3. d4 Bg4 4. Nf3 Qxd5 5. Be2 Nc6 6. c4 Qf5 7. Nbd2 O-O-O
8. d5 Bxf3 9. Nxf3 e5 10. Qa4 Nb4 11. O-O Nc2 12. Rb1 Bc5 13. Nh4 Qe4 14. Bf3
Qxh4 15. Qxc2 g6 16. b4 Be7 17. Bb2 Nd7 18. g3 Qf6 19. Qb3 Qf5 20. Rfe1 f6 21.
c5 h5 22. Be4 Qg4 23. Bf3 Qf5 24. Be4 Qg4 25. d6 Bxd6 26. cxd6 c6 27. Bf3 Qf5
28. Be4 Qg4 29. Bf3 Qf5 30. Be4 Qg4 31. b5 Nc5 32. Qc4 b6 33. Ba3 h4 34. f3 Qh3
35. g4 Rxd6 36. Bxc5 Rd2 37. Qe6+ Kd8 38. Be7+ Kc7 39. Qxc6+ 1/2-1/2

[Event "2.BLO 1617 SK Passau - SC Garching"]
[Site "?"]
[Date "2016.11.20"]
[Round "4.7"]
[White "Ruecker, Benjamin"]
[Black "Hellmayr, Alois"]
[Result "1/2-1/2"]
[WhiteElo "2269"]
[BlackElo "2246"]
[PlyCount "45"]
[EventDate "2016.??.??"]

1. d4 Nf6 2. c4 e6 3. g3 Bb4+ 4. Bd2 c5 5. Bxb4 cxb4 6. Bg2 O-O 7. e4 d6 8. Ne2
Qb6 9. O-O e5 10. a3 Na6 11. axb4 Qxb4 12. b3 Bg4 13. f3 Bd7 14. Nbc3 Rfe8 15.
Kh1 Bc6 16. Rb1 Nc7 17. Na2 Qa3 18. Ra1 a5 19. Nec1 Qb2 20. Ne2 Qa3 21. Nec1
Qb2 22. Ne2 Qa3 23. Nec1 1/2-1/2

[Event "2.BLO 1617 SK Passau - SC Garching"]
[Site "?"]
[Date "2016.11.20"]
[Round "4.8"]
[White "Linhart, Wolfgang"]
[Black "Schleich, Markus"]
[Result "0-1"]
[WhiteElo "2117"]
[BlackElo "2188"]
[PlyCount "143"]
[EventDate "2016.??.??"]

1. d4 Nf6 2. Nf3 g6 3. Bf4 Bg7 4. e3 O-O 5. Be2 d6 6. h3 c5 7. c3 b6 8. O-O Bb7
9. Nbd2 Nbd7 10. Bh2 a6 11. a4 Ra7 12. Nc4 Qa8 13. a5 b5 14. Nb6 Qd8 15. Nxd7
Nxd7 16. Nd2 Qa8 17. Bf3 Bxf3 18. Qxf3 Qxf3 19. Nxf3 Rc8 20. Rfd1 Nf6 21. Kf1
Rb7 22. Rac1 Ne4 23. Bf4 cxd4 24. exd4 Nf6 25. Re1 Nd5 26. Bd2 Bf6 27. g3 Rbc7
28. Ke2 e6 29. Kd3 Bd8 30. Bg5 f6 31. Bd2 Kf7 32. b3 Rb7 33. Ra1 Ne7 34. Reb1
Nc6 35. b4 Ne7 36. Re1 Nd5 37. Rac1 Rbc7 38. Nh2 e5 39. dxe5 dxe5 40. Ng4 Rc4
41. Ne3 e4+ 42. Ke2 Nxe3 43. Kxe3 f5 44. Red1 Bf6 45. Ke2 Ke6 46. Bf4 R8c6 47.
Bd2 Bxc3 48. Bxc3 Rxc3 49. Rxc3 Rxc3 50. Rd8 Rc6 51. h4 Rd6 52. Rc8 Kd5 53.
Rc5+ Kd4 54. Rc1 h6 55. Rc2 g5 56. hxg5 hxg5 57. Rc5 Rf6 58. f3 f4 59. Rxg5
exf3+ 60. Kxf3 fxg3+ 61. Kxg3 Kc3 62. Rg4 Rc6 63. Kf3 Rc4 64. Rg6 Kxb4 65. Rxa6
Rc3+ 66. Ke2 Ra3 67. Kd1 Kb3 68. Ra8 b4 69. a6 Ka2 70. Rb8 b3 71. Rb6 Ra5 72.
Kd2 0-1

[Event "2.BLO 1617 Erfurter SK - Nickelhütte A"]
[Site "?"]
[Date "2016.11.20"]
[Round "4.1"]
[White "Papp, Gabor"]
[Black "Braeuer, Franz"]
[Result "1/2-1/2"]
[WhiteElo "2587"]
[BlackElo "2414"]
[PlyCount "75"]
[EventDate "2016.??.??"]

1. c4 e6 2. g3 Nf6 3. Bg2 d5 4. Nf3 dxc4 5. Qa4+ Bd7 6. Qxc4 c5 7. Ne5 Qc8 8.
O-O Nc6 9. Nxd7 Qxd7 10. Nc3 Rc8 11. Qa4 b6 12. d3 Be7 13. Bd2 O-O 14. Rac1
Rfd8 15. Rfe1 h6 16. h3 Ne8 17. Ne4 Rc7 18. Bc3 Rdc8 19. Red1 Qd8 20. Kf1 Nd6
21. Nxd6 Bxd6 22. e3 Qe7 23. Kg1 Be5 24. Bxc6 Bxc3 25. Rxc3 Rxc6 26. d4 Qb7 27.
dxc5 Rxc5 28. Rxc5 Rxc5 29. e4 b5 30. Qd4 Rc4 31. Qd8+ Kh7 32. Qd7 Rc7 33. Qd3
Qc6 34. e5+ Kg8 35. Qd8+ Kh7 36. Qd3+ Kg8 37. Qd8+ Kh7 38. Qd3+ 1/2-1/2